000 00293nam a2200121Ia 4500
005 20251222144827.0
008 251222s9999||||xx |||||||||||||| ||spa||
082 _a346/P27
100 _aPasara, Luís
245 0 _aReforma Agraria:
264 _bInstituto de Estudios Peruanos
942 _cLIB
999 _c20707
_d20707